000 01258nam a2200313 i 4500
001 000014392
003 DO-SdBNP
005 20241113140056.0
007 ta
008 091211s1999 dr a 000 e spa d
040 _aDO-SdBNP
_bspa
_cBNPHU
_erda
082 4 _aRD864.44
_bT231e
_222
100 1 _aTavárez R., Gustavo Adolfo,
_d1947-
_eautor
_4aut.
_932504
245 1 0 _aEran otros los tiempos y otros los hombres :
_bBarahona en mis recuerdos /
_cGustavo Adolfo Tavárez R. ; ilustraciones, Federico Cuello Davidson ; colaboración, Luis Antonio Sánchez Feliz
264 _aSanto Domingo :
_bEditora Nuevo Diario,
_c1999.
300 _a327 páginas :
_bilustraciones ;
_c22 cm.
336 _atexto
_btxt
_2rdacontent
337 _asin mediación
_bn
_2rdamedia
338 _avolumen
_bnc
_2rdacarrier
500 _aIncluye datos biográficos del autor en la solapa de la cubierta.
590 _aInventariado, 2022/BT
650 0 _aEnsayos dominicanos
_965
650 0 _aLiteratura dominicana.
_967
651 4 _aBarahona
_z(República Dominicana)
_xHistoria local
_932505
700 1 _aCuello Davidson, Federico,
_eilustrador
_4il.
_986803
700 1 _aSánchez Feliz, Luis Antonio,
_ecolaborador
_4col.
_986804
910 _aBtavárez
942 _2ddc
_cLBS1
999 _c13983
_d13983